000 00327nam a2200109Ia 4500
008 171211s9999 xx 000 0 und d
245 _aSyntax and Semantics of Spatial P
245 _cAnna Asbury, Berit Gehrke, and Jakub Dotlacil
260 _c2008
650 _xCULTURE
856 _uhttp://down.ebook777.com/063/9027255032.pdf
999 _c347798
_d347798